| 000 | 00592nam a22001937a 4500 | ||
|---|---|---|---|
| 005 | 20251108165227.0 | ||
| 008 | 250721s1979 xx 000 0 ara d | ||
| 082 | 1 | 4 | _a612.64/أحم |
| 100 | 1 | _aكنعان، أحمد | |
| 245 | 1 | 0 |
_aعلم الجنين العام : _bالطبيعي و المرضي و التجريبي / |
| 250 | _aط2 | ||
| 264 | 1 |
_aدمشق : _bالوكالة العامة للتوزيع، _c1979. |
|
| 300 | _a295ص | ||
| 650 | 1 | 7 | _aعلم الأجنة |
| 650 | 1 | 7 | _aالتناسل |
| 700 | 1 | _aشوشرة، محمد كمال | |
| 942 |
_2ddc _cBK |
||
| 999 |
_c22633 _d22633 |
||